[Event "Mardi Laval 2025.01.28"]
[Site "Laval CAN"]
[Date "2025.01.28"]
[Round "1.1"]
[White "Villeneuve, Robert"]
[Black "Deschamps, Martin"]
[Result "0-1"]
[WhiteElo "2064"]
[BlackElo "1815"]
[WhiteFideId "-1"]
[WhiteFideId "-1"]
[PlyCount "90"]
[GameId "2150324832980590"]
[EventDate "2025.01.28"]
[EventType "swiss"]
[EventRounds "5"]
[EventCountry "CAN"]

1. e4 Nf6 2. e5 Nd5 3. d4 d6 4. c4 Nb6 5. f4 dxe5 6. fxe5 Nc6 7. Be3 Bf5 8. Nc3 e6 9. Nf3 Be7 10. Be2 O-O 11. O-O f6 12. exf6 Bxf6 13. Qd2 Qe7 14. h3 Rad8 15. Rad1 Bg6 16. Qe1 e5 17. dxe5 Nxe5 18. Bxb6 axb6 19. Nd5 Nxf3+ 20. Bxf3 Qc5+ 21. Kh1 Rde8 22. Nxf6+ Rxf6 23. Qc3 c6 24. b4 Qe3 25. Qxe3 Rxe3 26. Rd8+ Kf7 27. Rfd1 Bf5 28. Rb8 Re7 29. b5 cxb5 30. cxb5 Bxh3 31. Rxb7 Rxb7 32. Bxb7 Bg4 33. Rd4 Be2 34. a4 Rf1+ 35. Kh2 Rd1 36. Rxd1 Bxd1 37. a5 bxa5 38. b6 Ke7 39. Be4 Kd6 40. Bxh7 Kc6 41. Kg3 Kxb6 42. Kf4 a4 43. Bb1 Bb3 44. Ke5 Kc5 45. g4 a3 0-1

[Event "Mardi Laval 2025.01.28"]
[Site "Laval CAN"]
[Date "2025.01.28"]
[Round "1.2"]
[White "Neacsu, Catalin"]
[Black "Beaupre, Eugene jr"]
[Result "0-1"]
[WhiteElo "1811"]
[BlackElo "2014"]
[WhiteFideId "-1"]
[WhiteFideId "-1"]
[PlyCount "52"]
[GameId "2150324834279023"]
[EventDate "2025.01.28"]
[EventType "swiss"]
[EventRounds "5"]
[EventCountry "CAN"]

1. e4 c5 2. Nf3 d6 3. d4 cxd4 4. Nxd4 Nf6 5. Nc3 a6 6. Be3 e5 7. Nb3 Ng4 8. Qd2 Nxe3 9. Qxe3 Be6 10. Nd5 Bxd5 11. exd5 Be7 12. c4 Nd7 13. Bd3 Rc8 14. O-O O-O 15. f3 f5 16. Nd2 Bg5 17. Qf2 Nc5 18. Bc2 Bxd2 19. Qxd2 Qb6 20. Kh1 Qxb2 21. g4 e4 22. gxf5 e3 23. Qg2 Rce8 24. Rab1 Qxa2 25. f6 g6 26. Qe2 Rxf6 0-1

[Event "Mardi Laval 2025.01.28"]
[Site "Laval CAN"]
[Date "2025.01.28"]
[Round "1.3"]
[White "Berube, Maximilien"]
[Black "Saillant, Christopher"]
[Result "1-0"]
[WhiteElo "1990"]
[BlackElo "1747"]
[WhiteFideId "-1"]
[WhiteFideId "-1"]
[PlyCount "81"]
[GameId "2150324834475632"]
[EventDate "2025.01.28"]
[EventType "swiss"]
[EventRounds "5"]
[EventCountry "CAN"]

1. d4 d5 2. Nf3 Nf6 3. c4 e6 4. g3 Bb4+ 5. Nbd2 Be7 6. Bg2 O-O 7. O-O c6 8. Qc2 Nbd7 9. e4 dxe4 10. Nxe4 Nxe4 11. Qxe4 Nf6 12. Qc2 Bd6 13. b3 Qe7 14. Bb2 Nd7 15. Rfe1 b6 16. Nh4 Nb8 17. Nf5 Qc7 18. Nxd6 Qxd6 19. Rad1 Bb7 20. d5 exd5 21. cxd5 cxd5 22. Qf5 Qg6 23. Qxg6 hxg6 24. Re7 Bc6 25. Rc1 a5 26. Be5 Bb5 27. Bxd5 Ra6 28. Rcc7 a4 29. Rxf7 Rxf7 30. Rxf7 Bc6 31. Be6 Kh7 32. Bxb8 Ra8 33. Rf8 Ra5 34. Bg8+ Kh6 35. Bf4+ g5 36. Bd2 Rc5 37. h4 Rc2 38. Bxg5+ Kg6 39. Bf7+ Kh7 40. h5 Be4 41. Bg8+ 1-0

[Event "Mardi Laval 2025.01.28"]
[Site "Laval CAN"]
[Date "2025.01.28"]
[Round "1.4"]
[White "Lamy, Vincent"]
[Black "Barko, Maxim"]
[Result "0-1"]
[WhiteElo "1794"]
[BlackElo "1955"]
[WhiteFideId "-1"]
[WhiteFideId "-1"]
[PlyCount "107"]
[GameId "2150324834475633"]
[EventDate "2025.01.28"]
[EventType "swiss"]
[EventRounds "5"]
[EventCountry "CAN"]

1. e4 Nc6 2. Nc3 a6 3. a4 g6 4. f4 Bg7 5. Nf3 d6 6. Bc4 Nh6 7. O-O Bg4 8. h3 Bxf3 9. Rxf3 Nd4 10. Rg3 e6 11. Ne2 O-O 12. c3 Nxe2+ 13. Bxe2 c6 14. d3 b5 15. a5 Rb8 16. f5 exf5 17. Bxh6 Bxh6 18. exf5 d5 19. d4 Qc7 20. Rf3 Rfe8 21. Qc2 Re3 22. Rxe3 Bxe3+ 23. Kh1 Re8 24. Bd3 Qg3 25. Qe2 Kg7 26. Qf3 Bf4 27. Qxg3 Bxg3 28. fxg6 hxg6 29. Kg1 Re3 30. Rd1 Bc7 31. Kf2 Re6 32. b4 Rf6+ 33. Ke2 Bg3 34. Rf1 Re6+ 35. Kd2 f5 36. Be2 Kf6 37. Rf3 Bd6 38. g4 f4 39. h4 Bc7 40. Bd3 Bd6 41. h5 gxh5 42. gxh5 Kg5 43. Rh3 Bf8 44. Bg6 Bh6 45. Rh1 f3 46. Re1 Kh4+ 47. Kd1 f2 48. Rf1 Kg3 49. Bd3 Kf3 50. Rh1 Kg2 51. Rf1 Kf3 52. Rh1 Kg2 53. Rf1 Re3 54. Be2 0-1

[Event "Mardi Laval 2025.01.28"]
[Site "Laval CAN"]
[Date "2025.01.28"]
[Round "1.5"]
[White "Nunez, Omar"]
[Black "Peloquin, Charli"]
[Result "1-0"]
[WhiteElo "1851"]
[BlackElo "2008"]
[WhiteFideId "-1"]
[WhiteFideId "-1"]
[PlyCount "79"]
[GameId "2150324834475634"]
[EventDate "2025.01.28"]
[EventType "swiss"]
[EventRounds "5"]
[EventCountry "CAN"]

1. Nf3 d5 2. d4 c5 3. c3 Nc6 4. Bf4 Nf6 5. e3 Qb6 6. Nbd2 Qxb2 7. Rb1 Qxc3 8. Bb5 c4 9. O-O Bf5 10. Qa4 Bd7 11. Bc7 Rc8 12. Rfc1 Qd3 13. Ne5 Nxe5 14. Bxe5 a6 15. Bxd7+ Nxd7 16. Rxb7 Qf5 17. Nb3 f6 18. Nc5 Rxc5 19. dxc5 fxe5 20. e4 Qe6 21. exd5 Qxd5 22. c6 Nc5 23. Rd1 Qe4 24. c7+ Nxa4 25. c8=Q+ Kf7 26. Rc7 Nb2 27. Rf1 g6 28. Qd8 Qd4 29. Rd7 Qe4 30. Qb6 c3 31. f4 exf4 32. Qb3+ Ke8 33. Rb7 Bg7 34. Rb8+ Kd7 35. Rb7+ Kc8 36. Rb4 Bd4+ 37. Kh1 Qe5 38. Rc1 Qe3 39. Qxb2 Kd7 40. Qc2 1-0

[Event "Mardi Laval 2025.01.28"]
[Site "Laval CAN"]
[Date "2025.02.05"]
[Round "2.1"]
[White "Beaupre, Eugene jr"]
[Black "Barko, Maxim"]
[Result "1-0"]
[WhiteElo "2014"]
[BlackElo "1926"]
[WhiteFideId "-1"]
[WhiteFideId "-1"]
[PlyCount "69"]
[GameId "2150324834475635"]
[EventDate "2025.01.28"]
[EventType "swiss"]
[EventRounds "5"]
[EventCountry "CAN"]

1. e4 e6 2. d3 d5 3. Qe2 dxe4 4. dxe4 e5 5. Nf3 Nc6 6. c3 Nf6 7. Bg5 h6 8. Bh4 g5 9. Bg3 Bd6 10. Nbd2 Bg4 11. Qb5 a6 12. Qb3 Kf8 13. Be2 Be6 14. Qc2 Rg8 15. Nc4 Bxc4 16. Bxc4 b5 17. Be2 Qe7 18. h3 Nd8 19. Nh2 h5 20. Nf3 Ne6 21. O-O-O Nc5 22. Nd2 Na4 23. Kb1 c5 24. f3 c4 25. Nxc4 Nxc3+ 26. Qxc3 bxc4 27. Rxd6 Qxd6 28. Bxe5 Qb6 29. Bxf6 Rg6 30. e5 Rb8 31. Bxc4 Qf2 32. Bd3 Rh6 33. Rc1 Ke8 34. Qc6+ Kf8 35. Qc8+ 1-0

[Event "Mardi Laval 2025.01.28"]
[Site "Laval CAN"]
[Date "2025.02.05"]
[Round "2.2"]
[White "Deschamps, Martin"]
[Black "Berube, Maximilien"]
[Result "0-1"]
[WhiteElo "1764"]
[BlackElo "1930"]
[WhiteFideId "-1"]
[WhiteFideId "-1"]
[PlyCount "62"]
[GameId "2150324834475636"]
[EventDate "2025.01.28"]
[EventType "swiss"]
[EventRounds "5"]
[EventCountry "CAN"]

1. Nf3 d5 2. g3 Nf6 3. Bg2 e6 4. O-O Be7 5. d4 O-O 6. Bg5 Nbd7 7. Nbd2 b5 8. Ne5 Bb7 9. a4 b4 10. a5 Rc8 11. a6 Ba8 12. Nb3 Nxe5 13. dxe5 Nd7 14. Bxe7 Qxe7 15. f4 c5 16. Na5 f6 17. exf6 Nxf6 18. c4 Kh8 19. Qc1 Qd6 20. cxd5 exd5 21. Nb7 Qb6 22. Bh3 Rc7 23. Rd1 Bxb7 24. axb7 Qxb7 25. Be6 Rd8 26. Qc2 Qb6 27. Qf5 c4+ 28. Kf1 Rc5 29. g4 d4 30. Qc2 Qxe6 31. Rxa7 Nxg4 0-1

[Event "Mardi Laval 2025.01.28"]
[Site "Laval CAN"]
[Date "2025.02.05"]
[Round "2.3"]
[White "Peloquin, Charli"]
[Black "Guillemette, Thomas"]
[Result "0-1"]
[WhiteElo "1918"]
[BlackElo "1840"]
[WhiteFideId "-1"]
[WhiteFideId "-1"]
[PlyCount "70"]
[GameId "2150324834475637"]
[EventDate "2025.01.28"]
[EventType "swiss"]
[EventRounds "5"]
[EventCountry "CAN"]

1. e4 c5 2. g3 Nc6 3. Bg2 Nf6 4. c3 d5 5. d3 g6 6. Ne2 Bg7 7. O-O O-O 8. Qc2 Be6 9. Nd2 Qd7 10. Nf4 Rfd8 11. Re1 d4 12. Nxe6 Qxe6 13. Nb3 b6 14. Bd2 Rac8 15. Rad1 c4 16. dxc4 Qxc4 17. Qb1 e5 18. Bf1 Qe6 19. cxd4 Nxd4 20. Nxd4 Rxd4 21. Bc3 Rdd8 22. Ba6 Rb8 23. a4 Nd7 24. b4 Qc6 25. Qb3 Nf8 26. Rd5 Rxd5 27. exd5 Qd6 28. Qc4 Rd8 29. Bb7 Nd7 30. Bd2 h6 31. f4 Bf8 32. Qc3 exf4 33. Qd4 Bg7 34. Qxf4 Ne5 35. Qf1 Rb8 0-1

[Event "Mardi Laval 2025.01.28"]
[Site "Laval CAN"]
[Date "2025.02.05"]
[Round "2.4"]
[White "Saillant, Christopher"]
[Black "Neacsu, Catalin"]
[Result "1-0"]
[WhiteElo "1755"]
[BlackElo "1673"]
[WhiteFideId "-1"]
[WhiteFideId "-1"]
[PlyCount "85"]
[GameId "2150324834475638"]
[EventDate "2025.01.28"]
[EventType "swiss"]
[EventRounds "5"]
[EventCountry "CAN"]

1. e4 c5 2. Nc3 Nc6 3. f4 e6 4. Nf3 d5 5. Bb5 Nge7 6. O-O d4 7. Ne2 a6 8. Bxc6+ Nxc6 9. d3 Be7 10. Bd2 Qb6 11. b3 Bd7 12. a4 a5 13. Bc1 f5 14. Nd2 Qc7 15. Nc4 b6 16. Bb2 O-O 17. Qd2 fxe4 18. dxe4 e5 19. f5 Rad8 20. Rae1 Nb4 21. c3 Nc6 22. Nc1 Be8 23. cxd4 Nxd4 24. Qc3 Bc6 25. Nd3 Bf6 26. Bc1 Rfe8 27. Nf2 Rd7 28. Ng4 Bh4 29. Nf2 Qb7 30. Qh3 Bd8 31. Qg3 Bc7 32. Ng4 Kh8 33. Ngxe5 Bxe4 34. Bf4 Nxf5 35. Qh3 Bxe5 36. Bxe5 Kg8 37. Rxf5 Bxf5 38. Qxf5 Qd5 39. Nxb6 Rxe5 40. Qxe5 Qxe5 41. Rxe5 Rd3 42. Rxc5 Rxb3 43. Rb5 1-0

[Event "Mardi Laval 2025.01.28"]
[Site "Laval CAN"]
[Date "2025.02.12"]
[Round "3.1"]
[White "Berube, Maximilien"]
[Black "Beaupre, Eugene jr"]
[Result "1/2-1/2"]
[WhiteElo "1930"]
[BlackElo "2014"]
[WhiteFideId "-1"]
[WhiteFideId "-1"]
[PlyCount "68"]
[GameId "2150324834541175"]
[EventDate "2025.01.28"]
[EventType "swiss"]
[EventRounds "5"]
[EventCountry "CAN"]

1. d4 f5 2. Nh3 e6 3. Nf4 Nf6 4. h4 d6 5. c4 Be7 6. g3 e5 7. Nd5 O-O 8. Nbc3 c6 9. Nxf6+ Bxf6 10. dxe5 dxe5 11. Qxd8 Rxd8 12. e4 Na6 13. Bh3 Nb4 14. O-O Nc2 15. Rb1 Nd4 16. exf5 g6 17. Ne4 Be7 18. f6 Bxh3 19. fxe7 Nf3+ 20. Kh1 Rd4 21. Nf6+ Kf7 22. e8=Q+ Rxe8 23. Nxe8 Bxf1 24. Be3 Bd3 25. Rd1 Be4 26. Nd6+ Rxd6 27. Rxd6 Nd4+ 28. Kg1 Ke7 29. Bxd4 Kxd6 30. Bxa7 c5 31. a3 Bd3 32. b4 Bxc4 33. Bxc5+ Kd5 34. f3 b5 1/2-1/2

[Event "Mardi Laval 2025.01.28"]
[Site "Laval CAN"]
[Date "2025.02.12"]
[Round "3.2"]
[White "Guillemette, Thomas"]
[Black "Lamy, Vincent"]
[Result "1-0"]
[WhiteElo "1840"]
[BlackElo "1794"]
[WhiteFideId "-1"]
[WhiteFideId "-1"]
[PlyCount "65"]
[GameId "2150324834750072"]
[EventDate "2025.01.28"]
[EventType "swiss"]
[EventRounds "5"]
[EventCountry "CAN"]

1. e4 c5 2. c3 g6 3. d4 cxd4 4. cxd4 d5 5. e5 Nc6 6. Nf3 Bg4 7. Be2 Nh6 8. Nc3 Nf5 9. Bf4 e6 10. Be3 Nxe3 11. fxe3 Bh6 12. Qd2 Ne7 13. Bb5+ Kf8 14. O-O Nf5 15. Rae1 Qa5 16. h3 Bxf3 17. Rxf3 Rc8 18. Be2 Nh4 19. Rf2 Nf5 20. Bg4 Bg5 21. Bxf5 gxf5 22. Ref1 Rg8 23. Kh2 Rg7 24. Qe2 a6 25. g4 fxg4 26. Qxg4 f5 27. Rxf5+ exf5 28. Qxf5+ Ke7 29. Qxc8 Qd8 30. Nxd5+ Ke8 31. Qe6+ Be7 32. Nf6+ Kf8 33. Nh5+ 1-0

[Event "Mardi Laval 2025.01.28"]
[Site "Laval CAN"]
[Date "2025.02.12"]
[Round "3.3"]
[White "Barko, Maxim"]
[Black "Saillant, Christopher"]
[Result "1/2-1/2"]
[WhiteElo "1926"]
[BlackElo "1755"]
[WhiteFideId "-1"]
[WhiteFideId "-1"]
[PlyCount "67"]
[GameId "2150324834750073"]
[EventDate "2025.01.28"]
[EventType "swiss"]
[EventRounds "5"]
[EventCountry "CAN"]

1. d4 d5 2. c4 e6 3. Nf3 Nf6 4. g3 Bb4+ 5. Bd2 a5 6. Bg2 O-O 7. O-O dxc4 8. Ne5 Qxd4 9. Bc3 Bxc3 10. Nxc3 Qxe5 11. e3 Na6 12. Qe2 Nd5 13. Ne4 Bd7 14. Qxc4 Nb6 15. Qc1 Bc6 16. f4 Qf5 17. g4 Qxg4 18. Rf3 Bxe4 19. Rg3 Qf5 20. Rg5 Qf6 21. Bxe4 Nd5 22. Kh1 Rad8 23. Qe1 h6 24. Qh4 Nc5 25. Bc2 Nxe3 26. Rag1 Nxc2 27. Rxg7+ Qxg7 28. Qxh6 Qxg1+ 29. Kxg1 Rfe8 30. Qg5+ Kh7 31. Qh5+ Kg7 32. Qg5+ Kh7 33. Qh5+ Kg7 34. Qg5+ 1/2-1/2

[Event "Mardi Laval 2025.01.28"]
[Site "Laval CAN"]
[Date "2025.02.12"]
[Round "3.4"]
[White "Neacsu, Catalin"]
[Black "Deschamps, Martin"]
[Result "0-1"]
[WhiteElo "1673"]
[BlackElo "1764"]
[WhiteFideId "-1"]
[WhiteFideId "-1"]
[PlyCount "84"]
[GameId "2150324834750074"]
[EventDate "2025.01.28"]
[EventType "swiss"]
[EventRounds "5"]
[EventCountry "CAN"]

1. e4 Nf6 2. e5 Nd5 3. c4 Nb6 4. c5 Nd5 5. Nc3 Nxc3 6. bxc3 d6 7. cxd6 cxd6 8. f4 dxe5 9. fxe5 Qa5 10. Qe2 Nc6 11. Qb5 Qc7 12. d4 Bd7 13. Qb2 e6 14. Nf3 Be7 15. Bd3 b5 16. O-O b4 17. Be3 bxc3 18. Qxc3 Rc8 19. Rfc1 Bb4 20. Qb3 a5 21. a3 Be7 22. d5 exd5 23. Qxd5 Be6 24. Qe4 Qd7 25. Bb5 Qd5 26. Qa4 Bd7 27. Bc4 Nxe5 28. Nxe5 Qxe5 29. Qb3 Rxc4 30. Qxc4 Qxe3+ 31. Kh1 O-O 32. Qd5 Be6 33. Qxa5 Bf6 34. Rab1 g6 35. Qa6 Qg5 36. Qe2 Bf5 37. Rc5 Qg4 38. Qxg4 Bxg4 39. h3 Bf5 40. Rf1 Kg7 41. Rc6 Be6 42. Rd6 Ra8 0-1

[Event "Mardi Laval 2025.01.28"]
[Site "Laval CAN"]
[Date "2025.02.18"]
[Round "4.1"]
[White "Guillemette, Thomas"]
[Black "Berube, Maximilien"]
[Result "1/2-1/2"]
[WhiteElo "1912"]
[BlackElo "1990"]
[WhiteFideId "-1"]
[WhiteFideId "-1"]
[PlyCount "87"]
[GameId "2150324834750075"]
[EventDate "2025.01.28"]
[EventType "swiss"]
[EventRounds "5"]
[EventCountry "CAN"]

1. e4 c5 2. c3 d5 3. exd5 Qxd5 4. d4 Nf6 5. dxc5 Qxc5 6. Be3 Qd5 7. Nd2 g6 8. Ngf3 Bg7 9. Bc4 Qa5 10. O-O O-O 11. Nb3 Qc7 12. Qe2 Nc6 13. h3 b6 14. Rad1 Bb7 15. Rfe1 Rac8 16. Bb5 Rfd8 17. Nbd4 Nxd4 18. Bxd4 e6 19. Be5 Qc5 20. Nd4 Nd5 21. Qg4 Ne3 22. Rxe3 Bxe5 23. Ba4 h5 24. Qh4 Bxd4 25. cxd4 Qb4 26. Bb3 Bd5 27. a3 Qd6 28. Bxd5 Qxd5 29. Qf6 Rd6 30. Rdd3 Qb7 31. Rc3 Rd5 32. Rxe6 Rf5 33. Qe7 Rxc3 34. Qxb7 Rc1+ 35. Kh2 fxe6 36. Qxa7 b5 37. Qb6 Re1 38. f3 Re2 39. b3 Kh7 40. a4 bxa4 41. bxa4 Rg5 42. Qc7+ Kh6 43. Qf4 Rexg2+ 44. Kh1 1/2-1/2

[Event "Mardi Laval 2025.01.28"]
[Site "Laval CAN"]
[Date "2025.02.18"]
[Round "4.2"]
[White "Beaupre, Eugene jr"]
[Black "Deschamps, Martin"]
[Result "1/2-1/2"]
[WhiteElo "2014"]
[BlackElo "1815"]
[WhiteFideId "-1"]
[WhiteFideId "-1"]
[PlyCount "114"]
[GameId "2150324834750076"]
[EventDate "2025.01.28"]
[EventType "swiss"]
[EventRounds "5"]
[EventCountry "CAN"]

1. d4 Nf6 2. c4 e6 3. Nc3 Bb4 4. Qc2 b6 5. e4 Bb7 6. Bd3 Bxc3+ 7. bxc3 d6 8. Ne2 Nbd7 9. Bg5 h6 10. Bh4 g5 11. Bg3 h5 12. h4 Ng4 13. Qd2 f5 14. f3 f4 15. fxg4 fxg3 16. hxg5 h4 17. Nxg3 Qe7 18. Nh5 O-O-O 19. Rf1 Rdg8 20. Nf6 Rf8 21. O-O-O Nxf6 22. gxf6 Rxf6 23. Rxf6 Qxf6 24. Rf1 Qg7 25. Qf4 Rg8 26. Be2 Qg6 27. d5 Kb8 28. Rh1 Qg7 29. Kd2 Rf8 30. Qe3 exd5 31. cxd5 Rh8 32. g5 Bc8 33. Qf4 h3 34. gxh3 Rxh3 35. Rxh3 Bxh3 36. Qf6 Qg8 37. g6 Kb7 38. g7 Qh7 39. Qg5 Qg8 40. Bh5 c6 41. Qe7+ Ka6 42. Qf7 Qh7 43. g8=Q Qxe4 44. Be2+ b5 45. Qc8+ Bxc8 46. Bf3 Qc4 47. Qc7 cxd5 48. Qxd6+ Ka5 49. Bxd5 Qg4 50. Qc7+ Ka6 51. c4 Qd4+ 52. Kc2 Bf5+ 53. Kb3 Qd1+ 54. Kb4 Qd2+ 55. Kc5 Qe3+ 56. Kc6 Qe8+ 57. Kc5 Qe3+ 1/2-1/2

[Event "Mardi Laval 2025.01.28"]
[Site "Laval CAN"]
[Date "2025.02.18"]
[Round "4.3"]
[White "Barko, Maxim"]
[Black "Nunez, Omar"]
[Result "1/2-1/2"]
[WhiteElo "1955"]
[BlackElo "1851"]
[WhiteFideId "-1"]
[WhiteFideId "-1"]
[PlyCount "24"]
[GameId "2150324834750077"]
[EventDate "2025.01.28"]
[EventType "swiss"]
[EventRounds "5"]
[EventCountry "CAN"]

1. e4 e5 2. Nf3 Nc6 3. Bc4 Nf6 4. d3 Be7 5. d4 O-O 6. c3 d5 7. exd5 Nxd5 8. O-O Be6 9. Re1 Bf6 10. Na3 a6 11. Bd2 Re8 12. Qc1 Nb6 1/2-1/2

[Event "Mardi Laval 2025.01.28"]
[Site "Laval CAN"]
[Date "2025.02.18"]
[Round "4.4"]
[White "Saillant, Christopher"]
[Black "Lamy, Vincent"]
[Result "0-1"]
[WhiteElo "1747"]
[BlackElo "1794"]
[WhiteFideId "-1"]
[WhiteFideId "-1"]
[PlyCount "92"]
[GameId "2150324834750078"]
[EventDate "2025.01.28"]
[EventType "swiss"]
[EventRounds "5"]
[EventCountry "CAN"]

1. e4 c5 2. Nf3 g6 3. d4 cxd4 4. Nxd4 Nf6 5. Nc3 Nc6 6. Be3 Bg7 7. f3 O-O 8. Bc4 Qb6 9. O-O Qxb2 10. Ncb5 Qb4 11. Qe2 d5 12. exd5 Nxd5 13. Bxd5 Nxd4 14. Nxd4 Bxd4 15. Kh1 Bxa1 16. Rxa1 Bd7 17. Re1 e6 18. Bc4 Rac8 19. Bd3 a6 20. Bh6 Rfe8 21. Rd1 Bb5 22. h3 Bxd3 23. Rxd3 Qe7 24. Qe5 f6 25. Qe2 Red8 26. Re3 Rc6 27. Bf4 e5 28. Bg3 Qc7 29. Rd3 Rxd3 30. cxd3 Rc2 31. Qe4 Rxa2 32. Qd5+ Qf7 33. Qd8+ Kg7 34. f4 exf4 35. Bxf4 Re2 36. Kh2 Re7 37. Qd4 b5 38. Qa1 Qe6 39. Qc1 g5 40. Bd2 Qd6+ 41. Kh1 h6 42. Qc3 Re2 43. Be1 Qd5 44. Qc7+ Kg6 45. Qg3 Qe5 46. d4 Rxe1+ 0-1

[Event "Mardi Laval 2025.01.28"]
[Site "Laval CAN"]
[Date "2025.02.26"]
[Round "5.1"]
[White "Beaupre, Eugene jr"]
[Black "Guillemette, Thomas"]
[Result "1-0"]
[WhiteElo "2014"]
[BlackElo "1840"]
[WhiteFideId "-1"]
[WhiteFideId "-1"]
[PlyCount "105"]
[GameId "2150324834786943"]
[EventDate "2025.01.28"]
[EventType "swiss"]
[EventRounds "5"]
[EventCountry "CAN"]

1. d4 Nf6 2. c4 g6 3. Nc3 Bg7 4. Bg5 d6 5. e3 Nc6 6. Be2 h6 7. Bh4 Bf5 8. Nf3 O-O 9. O-O Re8 10. a3 a5 11. Qd2 Kh7 12. Bg3 Ne4 13. Nxe4 Bxe4 14. b4 e5 15. b5 Ne7 16. Rac1 Nf5 17. dxe5 Nxg3 18. hxg3 dxe5 19. Rfd1 Qe7 20. Qd7 Bf6 21. a4 Bf5 22. Qd5 b6 23. c5 Red8 24. Qc6 Rab8 25. Rxd8 Qxd8 26. Rd1 Qe7 27. Bc4 Kg7 28. e4 Bg4 29. Rd3 Bc8 30. Nd2 bxc5 31. f3 Rb6 32. Qa8 Be6 33. Qxa5 Rd6 34. Qc3 Qd7 35. Rxd6 Qxd6 36. Bxe6 Qxe6 37. Nc4 Qd7 38. Qd2 Qd4+ 39. Qxd4 cxd4 40. a5 Be7 41. b6 cxb6 42. a6 b5 43. a7 bxc4 44. a8=Q c3 45. Qc6 g5 46. Kf2 Bb4 47. Ke2 Be7 48. Kd3 Bf6 49. Qd6 h5 50. f4 gxf4 51. gxf4 exf4 52. Qxf4 Kg6 53. Qf5+ 1-0

[Event "Mardi Laval 2025.01.28"]
[Site "Laval CAN"]
[Date "2025.02.26"]
[Round "5.2"]
[White "Lamy, Vincent"]
[Black "Berube, Maximilien"]
[Result "0-1"]
[WhiteElo "1794"]
[BlackElo "1930"]
[WhiteFideId "-1"]
[WhiteFideId "-1"]
[PlyCount "92"]
[GameId "2150324834786944"]
[EventDate "2025.01.28"]
[EventType "swiss"]
[EventRounds "5"]
[EventCountry "CAN"]

1. e4 c6 2. d4 d5 3. f3 e6 4. Nc3 Bb4 5. e5 b6 6. a3 Bxc3+ 7. bxc3 Ba6 8. Bd3 Ne7 9. f4 Bxd3 10. Qxd3 c5 11. dxc5 Nd7 12. cxb6 Nxb6 13. Qb5+ Qd7 14. Qxd7+ Kxd7 15. a4 Rhc8 16. a5 Nc4 17. Nf3 h6 18. Nd4 a6 19. Ke2 Nc6 20. Nb3 Na7 21. Rf1 Nb5 22. Rf3 h5 23. h3 g6 24. h4 Rab8 25. Ra4 Rc7 26. Rd3 Ke8 27. g3 Rbb7 28. Ra1 Rb8 29. Ra4 Rcc8 30. Ra1 f6 31. exf6 Ncd6 32. Ba3 Ne4 33. Bb4 Rc4 34. Kf3 Rbc8 35. Re1 Kf7 36. Nd4 Nxd4+ 37. Rxd4 Rxd4 38. cxd4 Rxc2 39. Re2 Rxe2 40. Kxe2 Nxg3+ 41. Kd3 Kxf6 42. Bd6 Ne4 43. Be5+ Kf5 44. Kc2 Kg4 45. Kb3 Kxh4 46. Kb4 Kg4 0-1

[Event "Mardi Laval 2025.01.28"]
[Site "Laval CAN"]
[Date "2025.02.26"]
[Round "5.3"]
[White "Deschamps, Martin"]
[Black "Barko, Maxim"]
[Result "1-0"]
[WhiteElo "1764"]
[BlackElo "1926"]
[WhiteFideId "-1"]
[WhiteFideId "-1"]
[PlyCount "81"]
[GameId "2150324834786945"]
[EventDate "2025.01.28"]
[EventType "swiss"]
[EventRounds "5"]
[EventCountry "CAN"]

1. c4 d6 2. Nc3 e5 3. g3 f5 4. Bg2 Nf6 5. d3 c6 6. Nf3 Be7 7. O-O O-O 8. Bd2 Kh8 9. b4 Qe8 10. b5 Qh5 11. bxc6 Nxc6 12. Rb1 Rb8 13. Nd5 Ng4 14. h3 Nh6 15. Nxe7 Nxe7 16. Qa4 Nc6 17. Bc3 Bd7 18. Qa3 Rf6 19. e3 f4 20. exf4 Bxh3 21. Nh4 Bxg2 22. Kxg2 g5 23. fxg5 Qxg5 24. f4 Qh5 25. Qb2 Ng4 26. Qd2 Nd4 27. fxe5 dxe5 28. Bxd4 exd4 29. Rxf6 Nxf6 30. Qf4 Qe2+ 31. Kh1 Nd7 32. Qxd4+ Ne5 33. Rb5 Qf1+ 34. Kh2 Qe2+ 35. Ng2 Re8 36. Rb2 Qh5+ 37. Nh4 Kg8 38. Qd5+ Kh8 39. Kg2 b6 40. Rf2 Qg6 41. Nxg6+ 1-0

[Event "Mardi Laval 2025.01.28"]
[Site "Laval CAN"]
[Date "2025.02.26"]
[Round "5.4"]
[White "Nunez, Omar"]
[Black "Neacsu, Catalin"]
[Result "1/2-1/2"]
[WhiteElo "1851"]
[BlackElo "1673"]
[WhiteFideId "-1"]
[WhiteFideId "-1"]
[PlyCount "20"]
[GameId "2150324834786946"]
[EventDate "2025.01.28"]
[EventType "swiss"]
[EventRounds "5"]
[EventCountry "CAN"]

1. Nf3 c5 2. e4 d6 3. g3 Nc6 4. Bg2 e5 5. d3 Be7 6. Nc3 Be6 7. Nd5 Bxd5 8. exd5 Nd4 9. c3 Nxf3+ 10. Qxf3 Bg5 1/2-1/2

[Event "Medicine Hat op"]
[Site "Medicine Hat CAN"]
[Date "2025.06.14"]
[Round "1"]
[White "Sehn, Isaiah"]
[Black "Szulski, Adam"]
[Result "1-0"]
[WhiteElo "1995"]
[BlackElo "1488"]
[WhiteFideId "-1"]
[WhiteFideId "-1"]
[PlyCount "87"]
[GameId "2195294455992802"]
[EventDate "2025.06.14"]
[EventType "swiss"]
[EventRounds "5"]
[EventCountry "CAN"]

1. d4 Nf6 2. c4 e6 3. Nf3 b6 4. Bg5 Be7 5. Nc3 Bb7 6. e3 h6 7. Bxf6 Bxf6 8. e4 d6 9. Be2 Nd7 10. Rc1 O-O 11. O-O c6 12. b4 a6 13. Qd3 c5 14. bxc5 dxc5 15. d5 exd5 16. exd5 Ne5 17. Qc2 Nxf3+ 18. Bxf3 Bxc3 19. Qxc3 Re8 20. Qb3 Qd6 21. Rb1 b5 22. Rfd1 b4 23. Re1 Qd7 24. Re3 a5 25. Rbe1 Rxe3 26. Qxe3 Qd6 27. Qe7 Qa6 28. d6 Bxf3 29. gxf3 Qxc4 30. d7 Qd5 31. Qe8+ Kh7 32. Qxa8 Qxa8 33. Re8 Qxf3 34. d8=Q Qg4+ 35. Kf1 Qc4+ 36. Ke1 Qxa2 37. Rh8+ Kg6 38. Qd3+ Kg5 39. Qd2+ Qxd2+ 40. Kxd2 c4 41. Ra8 Kf4 42. Rxa5 Kf3 43. Rf5+ Kg2 44. Rxf7 1-0

[Event "Medicine Hat op"]
[Site "Medicine Hat CAN"]
[Date "2025.06.14"]
[Round "1"]
[White "Sunley, Ryan"]
[Black "Dunn, Garth"]
[Result "0-1"]
[WhiteElo "1213"]
[BlackElo "1582"]
[WhiteFideId "-1"]
[WhiteFideId "-1"]
[PlyCount "58"]
[GameId "2195294456058341"]
[EventDate "2025.06.14"]
[EventType "swiss"]
[EventRounds "5"]
[EventCountry "CAN"]

1. d4 Nf6 2. Nf3 d5 3. Na3 c5 4. Bf4 a6 5. Bxb8 Rxb8 6. dxc5 Qa5+ 7. Nd2 e5 8. c3 Qxc5 9. Rc1 b5 10. Nb3 Qb6 11. e3 Bb7 12. Be2 Bd6 13. O-O O-O 14. g4 Rbd8 15. g5 Ne4 16. h4 Bb8 17. Kh2 Nd6 18. Kh1 f5 19. Bd3 d4+ 20. Kg1 dxe3 21. Qh5 exf2+ 22. Rxf2 g6 23. Qe2 e4 24. Bc4+ bxc4 25. Nxc4 Nxc4 26. Qxc4+ Bd5 27. Qc5 Qxc5 28. Nxc5 Ba7 29. b4 Bc4 0-1